[Event "Canarias en Red prel 1st"]
[Site "Playchess.com INT"]
[Date "2004.05.03"]
[Round "7"]
[White "Nakamura, Hikaru"]
[Black "Milov, Vadim"]
[Result "0-1"]
[WhiteElo "2571"]
[BlackElo "2632"]
[PlyCount "130"]
[EventDate "2004.05.03"]
[EventType "swiss (blitz)"]
[EventRounds "13"]
[EventCountry "GER"]
[SourceTitle "EXT 2005"]
[Source "ChessBase"]
[SourceDate "2004.11.15"]
[SourceVersion "1"]
[SourceVersionDate "2004.11.15"]
[SourceQuality "1"]

1. d4 Nf6 2. c4 e6 3. Nc3 Bb4 4. Qc2 O-O 5. a3 Bxc3+ 6. Qxc3 b6 7. Bg5 Ba6 8.
e3 d6 9. Ne2 Nbd7 10. Qc2 h6 11. Bh4 c5 12. Qa4 Bb7 13. Nc3 Qc7 14. Be2 Bc6 15.
Qc2 Qb7 16. O-O-O d5 17. dxc5 bxc5 18. f3 e5 19. cxd5 Nxd5 20. Nxd5 Bxd5 21. e4
Be6 22. Bc4 Bxc4 23. Qxc4 Nb6 24. Qc2 c4 25. Be1 Qc6 26. Bc3 Rfe8 27. Rd2 Na4
28. Rhd1 Nc5 29. Kb1 Nd3 30. Ka1 Rab8 31. Rxd3 cxd3 32. Qxd3 f6 33. Qd7 Qa6 34.
h3 Rec8 35. Qd2 Rc6 36. Qd3 Qa4 37. Qd7 Rbc8 38. Rd6 Qa6 39. Rxc6 Rxc6 40. Qd8+
Kh7 41. Qd7 Rd6 42. Qf7 Qc8 43. Kb1 a6 44. Qh5 Qc4 45. Qf5+ Kg8 46. f4 Rd1+ 47.
Kc2 Qd3+ 48. Kb3 Qb5+ 49. Kc2 Qa4+ 50. b3 Qd7 51. Qxd7 Rxd7 52. f5 Kf7 53. b4
g6 54. g4 h5 55. a4 gxf5 56. gxf5 Ke7 57. Bb2 Kd6 58. Kd3 Rg7 59. Kc4 Rg3 60.
Ba3 Kd7 61. b5 Rxa3 62. Kb4 Rxh3 63. bxa6 Kc6 64. a7 Kb7 65. a8=Q+ Kxa8 0-1

[Event "Canarias en Red prel 1st"]
[Site "Playchess.com INT"]
[Date "2004.05.03"]
[Round "8"]
[White "Polaczek, Richard"]
[Black "Nakamura, Hikaru"]
[Result "0-1"]
[WhiteElo "2426"]
[BlackElo "2571"]
[PlyCount "94"]
[EventDate "2004.05.03"]
[EventType "swiss (blitz)"]
[EventRounds "13"]
[EventCountry "GER"]
[SourceTitle "EXT 2005"]
[Source "ChessBase"]
[SourceDate "2004.11.15"]
[SourceVersion "1"]
[SourceVersionDate "2004.11.15"]
[SourceQuality "1"]

1. d4 Nf6 2. Bg5 c5 3. d5 Ne4 4. Bf4 Qb6 5. Nd2 Nxd2 6. Bxd2 Qxb2 7. e4 Qb6 8.
Nf3 d6 9. Rb1 Qc7 10. c4 g6 11. Bc3 f6 12. Be2 Bg7 13. h4 h5 14. Nd2 O-O 15. g4
hxg4 16. Bxg4 f5 17. Bxg7 Kxg7 18. exf5 Bxf5 19. Bxf5 Rxf5 20. h5 Nd7 21. hxg6
Re5+ 22. Kf1 Nf6 23. Qb3 b6 24. Nf3 Rf5 25. Qe3 Rh8 26. Rxh8 Kxh8 27. Ng5 Qd7
28. Ne6 Rh5 29. Kg2 Qe8 30. Qg3 Ne4 31. Qg4 Nf6 32. Qg3 Kg8 33. Rh1 Rxh1 34.
Kxh1 Qa4 35. Qh4 Qd1+ 36. Kg2 Qg4+ 37. Qxg4 Nxg4 38. Nd8 Ne5 39. Nc6 Nxc4 40.
Nxe7+ Kg7 41. Kf3 Ne5+ 42. Ke4 b5 43. Nc8 Nc4 44. Nxa7 b4 45. Nb5 Kxg6 46. f4
Kf6 47. Kd3 Nb2+ 0-1

[Event "Canarias en Red prel 1st"]
[Site "Playchess.com INT"]
[Date "2004.05.03"]
[Round "9"]
[White "Wornath, Kai Rudolf"]
[Black "Nakamura, Hikaru"]
[Result "1-0"]
[WhiteElo "2382"]
[BlackElo "2571"]
[PlyCount "95"]
[EventDate "2004.05.03"]
[EventType "swiss (blitz)"]
[EventRounds "13"]
[EventCountry "GER"]
[SourceTitle "EXT 2005"]
[Source "ChessBase"]
[SourceDate "2004.11.15"]
[SourceVersion "1"]
[SourceVersionDate "2004.11.15"]
[SourceQuality "1"]

1. d4 Nf6 2. c4 g6 3. Nc3 Bg7 4. e4 d6 5. f3 O-O 6. Be3 c5 7. dxc5 dxc5 8. Qxd8
Rxd8 9. Bxc5 Nc6 10. Nd5 e6 11. Ne7+ Nxe7 12. Bxe7 Re8 13. Ba3 Nd7 14. O-O-O
Ne5 15. b3 b6 16. Bb2 Bb7 17. Nh3 f5 18. Nf2 fxe4 19. Nxe4 Bxe4 20. fxe4 Nc6
21. Rd6 Rac8 22. Be2 Bxb2+ 23. Kxb2 Ne5 24. Rf1 Rcd8 25. Rxd8 Rxd8 26. Kc3 Nc6
27. Bg4 Nd4 28. e5 Kg7 29. Rd1 Nc6 30. Rxd8 Nxd8 31. Bf3 Kf7 32. b4 Ke7 33. Kd4
Kd7 34. a4 Kc7 35. c5 Nf7 36. cxb6+ axb6 37. h4 Nh6 38. g4 Nf7 39. g5 h6 40.
Be4 hxg5 41. Bxg6 Nh8 42. h5 g4 43. Ke4 Kc6 44. Kf4 Kd5 45. a5 bxa5 46. bxa5
Kc5 47. Kxg4 Kb5 48. Kg5 1-0

[Event "Canarias en Red prel 1st"]
[Site "Playchess.com INT"]
[Date "2004.05.03"]
[Round "11"]
[White "Nakamura, Hikaru"]
[Black "Svetushkin, Dmitry"]
[Result "1-0"]
[WhiteElo "2571"]
[BlackElo "2553"]
[PlyCount "41"]
[EventDate "2004.05.03"]
[EventType "swiss (blitz)"]
[EventRounds "13"]
[EventCountry "GER"]
[SourceTitle "EXT 2005"]
[Source "ChessBase"]
[SourceDate "2004.11.15"]
[SourceVersion "1"]
[SourceVersionDate "2004.11.15"]
[SourceQuality "1"]

1. d4 d5 2. c4 c6 3. Nc3 Nf6 4. Nf3 a6 5. e3 b5 6. b3 Bg4 7. h3 Bxf3 8. gxf3
Nbd7 9. f4 e6 10. Bd2 bxc4 11. bxc4 dxc4 12. Bxc4 c5 13. Ne2 Be7 14. O-O O-O
15. Rc1 Ne4 16. Be1 Bf6 17. Bd3 Nd6 18. dxc5 Nf5 19. Bb4 Qb8 20. Ba3 Rc8 21.
Bxf5 1-0

[Event "Canarias en Red prel 1st"]
[Site "Playchess.com INT"]
[Date "2004.05.03"]
[Round "13"]
[White "Nakamura, Hikaru"]
[Black "Dreev, Alexey"]
[Result "1/2-1/2"]
[WhiteElo "2571"]
[BlackElo "2682"]
[PlyCount "35"]
[EventDate "2004.05.03"]
[EventType "swiss (blitz)"]
[EventRounds "13"]
[EventCountry "GER"]
[SourceTitle "EXT 2005"]
[Source "ChessBase"]
[SourceDate "2004.11.15"]
[SourceVersion "1"]
[SourceVersionDate "2004.11.15"]
[SourceQuality "1"]

1. d4 d5 2. c4 c6 3. Nc3 Nf6 4. Nf3 e6 5. e3 Nbd7 6. Qc2 Bd6 7. g4 Bb4 8. Bd2
Qe7 9. Rg1 Bxc3 10. Bxc3 Ne4 11. O-O-O Nxc3 12. Qxc3 O-O 13. Bd3 dxc4 14. Qxc4
c5 15. Bc2 b5 16. Qxb5 Rb8 17. Qd3 g6 18. Ne5 1/2-1/2

[Event "Canarias en Red prel 2nd"]
[Site "Playchess.com INT"]
[Date "2004.05.04"]
[Round "1"]
[White "Campayo Hernandez, Juan"]
[Black "Nakamura, Hikaru"]
[Result "0-1"]
[WhiteElo "2014"]
[BlackElo "2571"]
[PlyCount "34"]
[EventDate "2004.05.04"]
[EventType "swiss (blitz)"]
[EventRounds "13"]
[EventCountry "GER"]
[SourceTitle "EXT 2005"]
[Source "ChessBase"]
[SourceDate "2004.11.15"]
[SourceVersion "1"]
[SourceVersionDate "2004.11.15"]
[SourceQuality "1"]

1. c4 g6 2. g3 Bg7 3. Bg2 Nf6 4. Nc3 O-O 5. e4 d6 6. Nge2 c5 7. a3 Nc6 8. Rb1
Ne5 9. d3 Bg4 10. O-O Nf3+ 11. Kh1 Qd7 12. h3 Bh5 13. g4 Nxg4 14. hxg4 Qxg4 15.
Bxf3 Qh3+ 16. Kg1 Bxf3 17. Nf4 Qh1# 0-1

[Event "Canarias en Red prel 2nd"]
[Site "Playchess.com INT"]
[Date "2004.05.04"]
[Round "3"]
[White "Nakamura, Hikaru"]
[Black "Stross, Frantisek"]
[Result "1-0"]
[WhiteElo "2571"]
[BlackElo "2237"]
[PlyCount "65"]
[EventDate "2004.05.04"]
[EventType "swiss (blitz)"]
[EventRounds "13"]
[EventCountry "GER"]
[SourceTitle "EXT 2005"]
[Source "ChessBase"]
[SourceDate "2004.11.15"]
[SourceVersion "1"]
[SourceVersionDate "2004.11.15"]
[SourceQuality "1"]

1. d4 d5 2. c4 c6 3. Nf3 Nf6 4. Nc3 e6 5. e3 Nbd7 6. Qc2 Bd6 7. g4 Bb4 8. Bd2
Qe7 9. Rg1 Bxc3 10. Bxc3 Ne4 11. O-O-O Nxc3 12. Qxc3 O-O 13. Bd3 dxc4 14. Qxc4
c5 15. Bc2 b5 16. Qxb5 Rb8 17. Qc4 Rb6 18. Ne5 Ba6 19. Qa4 Nxe5 20. dxe5 Rfb8
21. Rd2 Qb7 22. Rgd1 g6 23. Rd7 Qf3 24. Rd8+ Rxd8 25. Rxd8+ Kg7 26. Qe8 Kh6 27.
Qf8+ Kg5 28. Rd2 Qh1+ 29. Bd1 Qe4 30. Qe7+ Kh6 31. Qh4+ Kg7 32. Qf6+ Kh6 33.
g5# 1-0

[Event "Canarias en Red prel 2nd"]
[Site "Playchess.com INT"]
[Date "2004.05.04"]
[Round "4"]
[White "Eraschenkov, Denis"]
[Black "Nakamura, Hikaru"]
[Result "0-1"]
[WhiteElo "2389"]
[BlackElo "2571"]
[PlyCount "148"]
[EventDate "2004.05.04"]
[EventType "swiss (blitz)"]
[EventRounds "13"]
[EventCountry "GER"]
[SourceTitle "EXT 2005"]
[Source "ChessBase"]
[SourceDate "2004.11.15"]
[SourceVersion "1"]
[SourceVersionDate "2004.11.15"]
[SourceQuality "1"]

1. e4 c5 2. Nf3 d6 3. d4 cxd4 4. Nxd4 Nf6 5. Nc3 a6 6. Bc4 b5 7. Bb3 Bb7 8. O-O
Nbd7 9. Re1 Rc8 10. Bg5 h6 11. Bxf6 Nxf6 12. a4 b4 13. Nd5 e6 14. Nxf6+ Qxf6
15. Qd2 Be7 16. Qxb4 Ba8 17. Qd2 O-O 18. Rad1 Rfd8 19. c3 Rb8 20. Ba2 Qg6 21.
Qe2 Kh8 22. Bb1 Qg5 23. Qd2 Qa5 24. b3 Rdc8 25. Rc1 Bf6 26. Qd3 g6 27. h3 Bg7
28. Re2 e5 29. Nf3 Rxb3 30. Qxd6 Rcxc3 31. Ree1 Kh7 32. Ba2 Rb7 33. Rxc3 Qxc3
34. Bd5 Ra7 35. Qb6 Bxd5 36. Qxa7 Bc4 37. Qe3 Qb4 38. Rc1 Be6 39. Qc3 Qxa4 40.
Nxe5 Qxe4 41. Re1 Qd5 42. Qd3 Qa5 43. Qe3 Qc7 44. Qe4 Bf5 45. Qe3 a5 46. g4 Be6
47. Qe4 Bc8 48. h4 f5 49. Qe3 a4 50. h5 gxh5 51. gxf5 Bxf5 52. Qf3 Qc2 53. Re2
Qb1+ 54. Kg2 h4 55. Re1 h3+ 56. Kh2 Qc2 57. Re2 Qc8 58. Re3 a3 59. Qf4 a2 60.
Ra3 Qe6 61. Nf3 a1=Q 62. Rxa1 Bxa1 63. Qc7+ Bg7 64. Qf4 Qe4 65. Qxe4 Bxe4 66.
Ng1 Bf5 67. Nxh3 Be5+ 68. Kg2 Kg6 69. Ng1 Be4+ 70. f3 Bd3 71. Nh3 Kf5 72. Nf2
Ba6 73. Ng4 Bf4 74. Kf2 h5 0-1

[Event "Canarias en Red prel 2nd"]
[Site "Playchess.com INT"]
[Date "2004.05.04"]
[Round "6"]
[White "Dovramadjiev, Tihomir"]
[Black "Nakamura, Hikaru"]
[Result "1/2-1/2"]
[WhiteElo "2331"]
[BlackElo "2571"]
[PlyCount "147"]
[EventDate "2004.05.04"]
[EventType "swiss (blitz)"]
[EventRounds "13"]
[EventCountry "GER"]
[SourceTitle "EXT 2005"]
[Source "ChessBase"]
[SourceDate "2004.11.15"]
[SourceVersion "1"]
[SourceVersionDate "2004.11.15"]
[SourceQuality "1"]

1. c4 Nf6 2. g3 g6 3. Bg2 Bg7 4. Nc3 O-O 5. d3 d6 6. e3 e5 7. Nge2 Nc6 8. O-O
Be6 9. Nd5 Qd7 10. Rb1 a5 11. a3 Bh3 12. Nec3 Bxg2 13. Kxg2 Ne7 14. Nxf6+ Bxf6
15. Nd5 Bg7 16. Nxe7+ Qxe7 17. e4 f5 18. f3 Kh8 19. Bd2 a4 20. Bc3 b6 21. Qd2
Rf7 22. Rbe1 Raf8 23. f4 fxe4 24. Rxe4 Qd7 25. d4 d5 26. Rxe5 Bxe5 27. dxe5 d4
28. Qxd4 Qxd4 29. Bxd4 Rd7 30. Bc3 Kg8 31. g4 Rdf7 32. Kg3 h5 33. h3 h4+ 34.
Kxh4 Rxf4 35. Rxf4 Rxf4 36. Kg5 Rf3 37. Kxg6 Rxh3 38. e6 Re3 39. Kf5 Kf8 40.
Bf6 Rf3+ 41. Kg6 Rf4 42. g5 Rxc4 43. e7+ Ke8 44. Kg7 Rh4 45. g6 Rh5 46. Kg8 c5
47. g7 b5 48. Bc3 Kxe7 49. Bd2 Ke8 50. Ba5 Rh4 51. Bc3 b4 52. axb4 cxb4 53. Bf6
Rh3 54. Bd4 Ke7 55. Be5 Ke6 56. Bd4 Kd5 57. Kf8 Rf3+ 58. Ke8 Rg3 59. Bf6 Ke6
60. Bd4 Kd5 61. Bf6 Ke6 62. Bd4 Rg4 63. Kf8 Rf4+ 64. Ke8 Rg4 65. Kf8 Kd5 66.
Bf6 Kc4 67. g8=Q+ Rxg8+ 68. Kxg8 Kb3 69. Kf7 Kc2 70. Ke6 a3 71. bxa3 bxa3 72.
Kd5 a2 73. Kc4 a1=Q 74. Bxa1 1/2-1/2

[Event "Canarias en Red prel 2nd"]
[Site "Playchess.com INT"]
[Date "2004.05.04"]
[Round "8"]
[White "Rodshtein, Maxim"]
[Black "Nakamura, Hikaru"]
[Result "0-1"]
[WhiteElo "2357"]
[BlackElo "2571"]
[PlyCount "80"]
[EventDate "2004.05.04"]
[EventType "swiss (blitz)"]
[EventRounds "13"]
[EventCountry "GER"]
[SourceTitle "EXT 2005"]
[Source "ChessBase"]
[SourceDate "2004.11.15"]
[SourceVersion "1"]
[SourceVersionDate "2004.11.15"]
[SourceQuality "1"]

1. d4 Nf6 2. c4 g6 3. f3 d5 4. cxd5 Nxd5 5. e4 Nb6 6. Nc3 Bg7 7. Be3 Nc6 8. d5
Ne5 9. Bd4 c5 10. Bxc5 O-O 11. Bd4 Qd6 12. Nge2 Nbc4 13. Qc2 Qb4 14. b3 Na3 15.
Qd2 Nxf3+ 16. gxf3 Bxd4 17. Nxd4 Qxd4 18. Qxd4 Nc2+ 19. Kd2 Nxd4 20. Be2 Bd7
21. Rac1 e5 22. Ke3 Rac8 23. Bc4 b5 24. Bd3 f5 25. Ne2 fxe4 26. Bxe4 Nxe2 27.
Kxe2 Kf7 28. b4 Ke7 29. Rc5 Kd6 30. Rhc1 Ra8 31. Rc7 a5 32. a3 axb4 33. axb4
Ra2+ 34. R1c2 Rfa8 35. Ke3 R8a3+ 36. R2c3 Rxc3+ 37. Rxc3 Rxh2 38. Ra3 Rb2 39.
Ra6+ Ke7 40. d6+ Ke6 0-1

[Event "Canarias en Red prel 2nd"]
[Site "Playchess.com INT"]
[Date "2004.05.04"]
[Round "9"]
[White "Gustafsson, Jan"]
[Black "Nakamura, Hikaru"]
[Result "0-1"]
[WhiteElo "2572"]
[BlackElo "2571"]
[PlyCount "110"]
[EventDate "2004.05.04"]
[EventType "swiss (blitz)"]
[EventRounds "13"]
[EventCountry "GER"]
[SourceTitle "EXT 2005"]
[Source "ChessBase"]
[SourceDate "2004.11.15"]
[SourceVersion "1"]
[SourceVersionDate "2004.11.15"]
[SourceQuality "1"]

1. Nf3 Nf6 2. c4 g6 3. Nc3 Bg7 4. e4 d6 5. d4 O-O 6. Be2 e5 7. Be3 Na6 8. O-O
Ng4 9. Bg5 Qe8 10. dxe5 dxe5 11. h3 f6 12. Bd2 Nh6 13. c5 c6 14. Bxa6 bxa6 15.
Qa4 Nf7 16. Rad1 Rb8 17. Bc1 Nd8 18. Rd6 Rf7 19. Rfd1 Nb7 20. R6d2 a5 21. Qc4
Bf8 22. Na4 Be6 23. Qa6 Nxc5 24. Nxc5 Bxc5 25. Rc2 Bb6 26. b3 Rd7 27. Qe2 Rbd8
28. Rxd7 Qxd7 29. Rd2 Qe7 30. Rxd8+ Qxd8 31. Be3 Kg7 32. Kh2 Qd6 33. Nd2 a4 34.
bxa4 Bxa2 35. Bxb6 axb6 36. Nc4 Bxc4 37. Qxc4 Qd4 38. Qxc6 Qxf2 39. Qc7+ Kh6
40. Qc6 Kg5 41. Qb7 h5 42. Qc6 Kh4 43. Qc3 Kg5 44. Qc6 Qf4+ 45. Kh1 Qe3 46. Kh2
Qf4+ 47. Kh1 Kh4 48. Qd5 g5 49. Qc6 g4 50. hxg4 hxg4 51. Qxb6 Qxe4 52. Qf2+ Kg5
53. Qd2+ Kg6 54. a5 g3 55. Kg1 Qb1+ 0-1

[Event "Canarias en Red prel 2nd"]
[Site "Playchess.com INT"]
[Date "2004.05.04"]
[Round "13"]
[White "Nakamura, Hikaru"]
[Black "Podgaets, Mikhail"]
[Result "1/2-1/2"]
[WhiteElo "2571"]
[BlackElo "2487"]
[PlyCount "138"]
[EventDate "2004.05.04"]
[EventType "swiss (blitz)"]
[EventRounds "13"]
[EventCountry "GER"]
[SourceTitle "EXT 2005"]
[Source "ChessBase"]
[SourceDate "2004.11.15"]
[SourceVersion "1"]
[SourceVersionDate "2004.11.15"]
[SourceQuality "1"]

1. d4 Nf6 2. c4 e6 3. Nc3 Bb4 4. Qc2 O-O 5. a3 Bxc3+ 6. Qxc3 b6 7. Bg5 Bb7 8.
e3 d6 9. Ne2 Nbd7 10. Qd3 c5 11. Nc3 Ba6 12. dxc5 Nxc5 13. Qd1 h6 14. Bh4 d5
15. cxd5 Bxf1 16. Bxf6 Qxf6 17. Rxf1 exd5 18. Qf3 Nd3+ 19. Ke2 Qxf3+ 20. gxf3
Nxb2 21. Nxd5 Rfd8 22. e4 Na4 23. Rfc1 Nc5 24. a4 Nb3 25. Ke3 Nxa1 26. Rxa1
Rac8 27. Ne7+ Kf8 28. Nxc8 Rxc8 29. a5 Rc3+ 30. Ke2 b5 31. a6 b4 32. Ra5 Ra3
33. Rb5 Rxa6 34. Rxb4 g5 35. Kf1 Ra3 36. Kg2 a5 37. Rb6 Kg7 38. Ra6 a4 39. Kg3
Ra1 40. f4 a3 41. fxg5 hxg5 42. h3 a2 43. Kg2 Kf8 44. Ra7 Ke8 45. Kf3 Kd8 46.
Kg2 Kc8 47. h4 Kb8 48. Ra3 gxh4 49. f4 Kb7 50. e5 h3+ 51. Kh2 Kb6 52. f5 Rf1
53. Rxa2 Rxf5 54. Kxh3 Rxe5 55. Kg4 Kc5 56. Kf3 Kd6 57. Ra7 Ke6 58. Ra6+ Kf5
59. Ra7 f6 60. Rh7 Kg5 61. Rg7+ Kf5 62. Rh7 Kg5 63. Ra7 f5 64. Rg7+ Kf6 65. Rg8
Ra5 66. Rf8+ Kg5 67. Rg8+ Kf6 68. Rf8+ Kg5 69. Rg8+ Kf6 1/2-1/2

[Event "Canarias en Red final"]
[Site "Playchess.com INT"]
[Date "2004.05.09"]
[Round "3"]
[White "Nakamura, Hikaru"]
[Black "Haba, Petr"]
[Result "1-0"]
[WhiteElo "2571"]
[BlackElo "2524"]
[PlyCount "131"]
[EventDate "2004.05.09"]
[EventType "swiss (blitz)"]
[EventRounds "13"]
[EventCountry "GER"]
[SourceTitle "EXT 2005"]
[Source "ChessBase"]
[SourceDate "2004.11.15"]
[SourceVersion "1"]
[SourceVersionDate "2004.11.15"]
[SourceQuality "1"]

1. d4 d5 2. c4 c6 3. Nf3 Nf6 4. Nc3 dxc4 5. a4 Bf5 6. Ne5 e6 7. f3 Bb4 8. e4
Bxe4 9. fxe4 Nxe4 10. Bd2 Qxd4 11. Nxe4 Qxe4+ 12. Qe2 Bxd2+ 13. Kxd2 Qd5+ 14.
Kc2 Na6 15. Nxc4 O-O 16. Qe5 Rab8 17. a5 Rfc8 18. Be2 f6 19. Qe3 Qf5+ 20. Kc1
Nb4 21. Qc3 Qg5+ 22. Qe3 Qf5 23. Qc3 Qf4+ 24. Nd2 Nd5 25. Qc4 Qg5 26. Qg4 Qxg4
27. Bxg4 Kf7 28. Re1 Re8 29. Ra3 f5 30. Bd1 Kf6 31. Rf3 Rbd8 32. Ne4+ Kf7 33.
Bb3 h6 34. Kb1 g6 35. g4 b6 36. h4 Kg7 37. Nc3 Nxc3+ 38. Rxc3 Rd6 39. axb6 axb6
40. gxf5 gxf5 41. Rce3 Kf6 42. Re5 Re7 43. Bc4 Re8 44. Kc2 Re7 45. Kc3 Re8 46.
b4 Re7 47. Bb3 Re8 48. Bc2 Re7 49. Bxf5 c5 50. bxc5 bxc5 51. Bc2 Ra7 52. Rxc5
Ra3+ 53. Kb2 Rf3 54. h5 Rf2 55. Kc1 Rf4 56. Bg6 Ra6 57. Re2 Ra1+ 58. Kb2 Ra6
59. Rb5 e5 60. Rbxe5 Rb6+ 61. Kc3 Rc6+ 62. Kd2 Rd6+ 63. Ke1 Rb4 64. Rf5+ Kg7
65. Rf7+ Kg8 66. Re8# 1-0

[Event "Canarias en Red final"]
[Site "Playchess.com INT"]
[Date "2004.05.09"]
[Round "4"]
[White "Nakamura, Hikaru"]
[Black "Dreev, Alexey"]
[Result "1-0"]
[WhiteElo "2571"]
[BlackElo "2682"]
[PlyCount "75"]
[EventDate "2004.05.09"]
[EventType "swiss (blitz)"]
[EventRounds "13"]
[EventCountry "GER"]
[SourceTitle "EXT 2005"]
[Source "ChessBase"]
[SourceDate "2004.11.15"]
[SourceVersion "1"]
[SourceVersionDate "2004.11.15"]
[SourceQuality "1"]

1. d4 d5 2. c4 c6 3. Nf3 Nf6 4. Nc3 e6 5. e3 Nbd7 6. Qc2 b6 7. cxd5 exd5 8. Bd2
Bb7 9. O-O-O c5 10. Kb1 a6 11. Ne5 Bd6 12. f4 Rc8 13. Be1 cxd4 14. exd4 Ne4 15.
Qb3 Ndf6 16. Na4 Bc7 17. Bb4 Nd6 18. Bd3 O-O 19. Rc1 Re8 20. Rc2 Nc4 21. Ka1 b5
22. Nc5 Rb8 23. Be1 Bd6 24. Nxb7 Rxb7 25. Bh4 Rc7 26. Re2 Be7 27. Rhe1 Ne4 28.
Bxe7 Rexe7 29. Bxe4 dxe4 30. Qd1 f5 31. g4 Nxe5 32. fxe5 Red7 33. gxf5 Rxd4 34.
Qb3+ Rcc4 35. a3 Rd3 36. Qa2 Rd1+ 37. Rxd1 Qd7 38. Qb1 1-0

[Event "Canarias en Red final"]
[Site "Playchess.com INT"]
[Date "2004.05.09"]
[Round "5"]
[White "Kiriakov, Petr"]
[Black "Nakamura, Hikaru"]
[Result "1/2-1/2"]
[WhiteElo "2560"]
[BlackElo "2571"]
[PlyCount "50"]
[EventDate "2004.05.09"]
[EventType "swiss (blitz)"]
[EventRounds "13"]
[EventCountry "GER"]
[SourceTitle "EXT 2005"]
[Source "ChessBase"]
[SourceDate "2004.11.15"]
[SourceVersion "1"]
[SourceVersionDate "2004.11.15"]
[SourceQuality "1"]

1. d4 d5 2. c4 c6 3. Nc3 Nf6 4. e3 a6 5. Nf3 b5 6. b3 Bg4 7. h3 Bxf3 8. gxf3
Nbd7 9. f4 e6 10. c5 g6 11. Bd3 Be7 12. Bb2 O-O 13. Qc2 Nh5 14. O-O-O Bh4 15.
Rdg1 f5 16. Rg2 Ndf6 17. Ne2 Ra7 18. Ng1 Rg7 19. Nf3 Ne4 20. Ne5 Qc8 21. Rhg1
Bd8 22. Be2 Nef6 23. Qd1 Qb7 24. a3 Kh8 25. Kc2 Rfg8 1/2-1/2

[Event "Canarias en Red final"]
[Site "Playchess.com INT"]
[Date "2004.05.09"]
[Round "6"]
[White "Nakamura, Hikaru"]
[Black "Belov, Vladimir"]
[Result "1/2-1/2"]
[WhiteElo "2571"]
[BlackElo "2560"]
[PlyCount "68"]
[EventDate "2004.05.09"]
[EventType "swiss (blitz)"]
[EventRounds "13"]
[EventCountry "GER"]
[SourceTitle "EXT 2005"]
[Source "ChessBase"]
[SourceDate "2004.11.15"]
[SourceVersion "1"]
[SourceVersionDate "2004.11.15"]
[SourceQuality "1"]

1. d4 Nf6 2. c4 g6 3. Nc3 d5 4. Bf4 Bg7 5. e3 O-O 6. Rc1 c5 7. dxc5 Be6 8. Nf3
Nc6 9. Nd4 Nxd4 10. exd4 dxc4 11. Be2 Nd5 12. Be3 b6 13. cxb6 axb6 14. a3 Nxc3
15. Rxc3 Bd5 16. O-O b5 17. Bf3 e5 18. dxe5 Bxf3 19. Qxf3 Bxe5 20. Rc2 Qf6 21.
Qd5 Rab8 22. Bc1 Rfd8 23. Qe4 Rd4 24. Qe2 Qd6 25. g3 Rd3 26. a4 Qd5 27. axb5
Rxb5 28. Bh6 Rb8 29. Rfc1 Bg7 30. Bxg7 Kxg7 31. Rxc4 Rd2 32. Qe4 Qxe4 33. Rxe4
Rbxb2 34. Rf4 Rb6 1/2-1/2

[Event "Canarias en Red final"]
[Site "Playchess.com INT"]
[Date "2004.05.09"]
[Round "8"]
[White "Rabiega, Robert"]
[Black "Nakamura, Hikaru"]
[Result "1/2-1/2"]
[WhiteElo "2527"]
[BlackElo "2571"]
[PlyCount "165"]
[EventDate "2004.05.09"]
[EventType "swiss (blitz)"]
[EventRounds "13"]
[EventCountry "GER"]
[SourceTitle "EXT 2005"]
[Source "ChessBase"]
[SourceDate "2004.11.15"]
[SourceVersion "1"]
[SourceVersionDate "2004.11.15"]
[SourceQuality "1"]

1. e4 c5 2. Nf3 d6 3. Bc4 e6 4. O-O Nc6 5. c3 Nf6 6. d3 Be7 7. Bb3 O-O 8. Re1
e5 9. Nbd2 Be6 10. Nf1 Qd7 11. Bg5 h6 12. Bxf6 Bxf6 13. Ne3 Ne7 14. Bxe6 fxe6
15. d4 cxd4 16. cxd4 exd4 17. Nxd4 Nc6 18. Nxc6 bxc6 19. Nc4 d5 20. exd5 cxd5
21. Ne5 Qd6 22. Qe2 Rab8 23. b3 Rb4 24. f3 a5 25. Rac1 a4 26. Nc6 Rb6 27. Qxe6+
Qxe6 28. Rxe6 Rc8 29. Ne7+ Kf7 30. Rxf6+ Kxe7 31. Rxc8 Kxf6 32. bxa4 Rb1+ 33.
Kf2 Rb2+ 34. Kg3 Rxa2 35. Ra8 d4 36. a5 d3 37. Rd8 d2 38. a6 Rxa6 39. Rxd2 Ra7
40. Rd5 Kg6 41. h4 h5 42. Rg5+ Kh6 43. Re5 g6 44. Kf4 Ra4+ 45. Re4 Ra2 46. g3
Ra3 47. Rd4 Ra5 48. Re4 Rf5+ 49. Ke3 Ra5 50. Rd4 Ra3+ 51. Ke4 Ra1 52. Ke5 Ra5+
53. Rd5 Ra3 54. Ke4 Ra4+ 55. Rd4 Ra3 56. Kf4 Ra6 57. g4 hxg4 58. fxg4 g5+ 59.
hxg5+ Kg6 60. Re4 Rb6 61. Rc4 Ra6 62. Rd4 Rb6 63. Kg3 Kxg5 64. Rd5+ Kg6 65. Kh4
Ra6 66. Rg5+ Kh7 67. Rd5 Kh8 68. Kh5 Ra8 69. g5 Rg8 70. Kh6 Ra8 71. Rd7 Rb8 72.
g6 Ra8 73. Rh7+ Kg8 74. Rg7+ Kh8 75. Rf7 Kg8 76. Rb7 Rc8 77. Re7 Ra8 78. Kg5
Ra5+ 79. Kf6 Ra6+ 80. Re6 Ra8 81. g7 Rb8 82. Kg6 Rb6 83. Rxb6 1/2-1/2

[Event "Canarias en Red final"]
[Site "Playchess.com INT"]
[Date "2004.05.09"]
[Round "9"]
[White "Sadvakasov, Darmen"]
[Black "Nakamura, Hikaru"]
[Result "1/2-1/2"]
[WhiteElo "2611"]
[BlackElo "2571"]
[PlyCount "156"]
[EventDate "2004.05.09"]
[EventType "swiss (blitz)"]
[EventRounds "13"]
[EventCountry "GER"]
[SourceTitle "EXT 2005"]
[Source "ChessBase"]
[SourceDate "2004.11.15"]
[SourceVersion "1"]
[SourceVersionDate "2004.11.15"]
[SourceQuality "1"]

1. e4 c5 2. Nf3 Nc6 3. Bb5 Nf6 4. Nc3 Qc7 5. O-O Nd4 6. Re1 a6 7. Bf1 Ng4 8. g3
Nxf3+ 9. Qxf3 Ne5 10. Qe2 d6 11. Bg2 g6 12. Nd5 Qd8 13. c3 Bg7 14. d3 e6 15.
Ne3 O-O 16. Bd2 Rb8 17. a3 b5 18. b4 Bb7 19. Rad1 Nc6 20. f4 Re8 21. Kh1 Rc8
22. Rc1 Qd7 23. Qf2 a5 24. f5 exf5 25. exf5 Ne5 26. Qf1 Bxg2+ 27. Nxg2 Qxf5 28.
Qxf5 gxf5 29. Nf4 axb4 30. cxb4 Nf3 31. Rxe8+ Rxe8 32. Bc3 Nd4 33. Bxd4 Bxd4
34. Kg2 Bb2 35. Rb1 Bxa3 36. bxc5 Bxc5 37. Rxb5 Ra8 38. Nh5 Ra2+ 39. Kh1 Kf8
40. Rb8+ Ke7 41. Rb7+ Ke6 42. Nf4+ Kf6 43. Nd5+ Kg7 44. Nf4 Kf6 45. Nh5+ Kg5
46. Nf4 Kg4 47. Rb1 Rf2 48. Rd1 Bd4 49. Nd5 h5 50. Rc1 Rd2 51. Nf4 Be3 52. Nd5
Rxd3 53. Nxe3+ Rxe3 54. Rd1 Kh3 55. Kg1 Re2 56. Rxd6 Rg2+ 57. Kf1 Rxh2 58. Rf6
Kg4 59. Rxf7 Ra2 60. Kg1 Ra3 61. Kh2 Ra2+ 62. Kh1 Kxg3 63. Rg7+ Kf4 64. Rh7 h4
65. Rh8 Kf3 66. Kg1 f4 67. Rb8 Kg3 68. Rg8+ Kf3 69. Rb8 Ra3 70. Kh2 Ke3 71.
Re8+ Kf2 72. Re4 f3 73. Rxh4 Ke2 74. Re4+ Re3 75. Rf4 f2 76. Kg2 f1=Q+ 77. Rxf1
Rg3+ 78. Kxg3 Kxf1 1/2-1/2

[Event "Canarias en Red final"]
[Site "Playchess.com INT"]
[Date "2004.05.09"]
[Round "10"]
[White "Nakamura, Hikaru"]
[Black "Fridman, Daniel"]
[Result "1-0"]
[WhiteElo "2571"]
[BlackElo "2588"]
[PlyCount "59"]
[EventDate "2004.05.09"]
[EventType "swiss (blitz)"]
[EventRounds "13"]
[EventCountry "GER"]
[SourceTitle "EXT 2005"]
[Source "ChessBase"]
[SourceDate "2004.11.15"]
[SourceVersion "1"]
[SourceVersionDate "2004.11.15"]
[SourceQuality "1"]

1. d4 d5 2. c4 c6 3. Nc3 Nf6 4. Nf3 e6 5. e3 a6 6. Qc2 c5 7. dxc5 Bxc5 8. cxd5
exd5 9. Be2 Nc6 10. O-O O-O 11. Rd1 Bd6 12. h3 Be6 13. b3 h6 14. Bb2 Rc8 15.
Rac1 Bb8 16. Qb1 Qd6 17. e4 d4 18. e5 Nxe5 19. Nxd4 Bd7 20. Ne4 Nxe4 21. Rxc8
Rxc8 22. Qxe4 Qc7 23. Rc1 Qd6 24. Rxc8+ Bxc8 25. f4 Nc6 26. Bd3 Ba7 27. Qe8+
Qf8 28. Bh7+ Kxh7 29. Qxf8 Nxd4 30. Qxc8 1-0